000 00533nam a2200157 a 4500
005 20140414131858.0
008 100907s19uu xx 00 eng d
050 _aFIL 630.92
_bM73 2007
100 _aMolina, Russell
245 _aGreen clothes for the yellow dragon.
260 _aMakati, Philippines :
_bBookmark,
_cc2007.
440 _aGreat men and women of Asia- children's series
650 _aAgriculturist
_xJapan
_xBiography
_xJuvenile literature
650 _aArid region agriculture
_xJuvenile literature
999 _c110553
_d110553